000
00297nam a22001337a 4500
020
_a
0-7214-0248-8
082
_a
823
_b
HAR/S
100
_a
HARE, D S
245
_a
THE STORY PF SAINT PAUL
260
_a
UNITED KINGDOM
_b
LADYBIRD
300
_a
50
650
_a
SPIRITUAL
_z
UNITED KINGDOM
942
_c
BK
999
_c
4770
_d
4770